[Event "SLO-chT1 West"]
[Site "Slovenia"]
[Date "2022.10.23"]
[Round "9.3"]
[White "Leonardi, Caterina"]
[Black "Stubljar, Andrej"]
[Result "1-0"]
[WhiteElo "1988"]
[BlackElo "2016"]
[PlyCount "61"]
[EventDate "2022.10.07"]
[EventType "team-tourn"]
[EventRounds "9"]
[EventCountry "SLO"]
[SourceTitle "EXT 2024"]
[Source "ChessBase"]
[SourceDate "2023.10.10"]
[SourceVersion "1"]
[SourceVersionDate "2023.10.10"]
[SourceQuality "1"]
[WhiteTeam "Komenda"]
[BlackTeam "Dolenjske Toplice"]
[WhiteTeamCountry "SLO"]
[BlackTeamCountry "SLO"]

1. Nf3 d5 2. g3 g6 3. Bg2 Bg7 4. d4 c6 5. 0-0 Bf6 6. c4 Kf8 7. Nc3 Kg7 8. Bf4 Be6 9. cxd5 cxd5 10. Ng5 Bxg5 11. Bxg5 h6 12. Bf4 Nc6 13. e4 Nf6 14. e5 Ne8 15. Be3 Qd7 16. Rc1 Rd8 17. Na4 b6 18. Nc3 Bh3 19. Bxh3 Qxh3 20. Nxd5 Rxd5 21. Rxc6 h5 22. Qf3 Ra5 23. a3 h4 24. Qg2 hxg3 25. fxg3 Qd7 26. Qe4 f6 27. Rfc1 f5 28. Qf3 g5 29. R1c4 Rd5 30. e6 Qd8 31. Rc8 1-0

[Event "Wch U20 Girls 34th"]
[Site "Bhubaneswar"]
[Date "2016.08.17"]
[Round "9"]
[White "Leonardi, Caterina"]
[Black "Vantika, Agrawal"]
[Result "0-1"]
[WhiteElo "2061"]
[BlackElo "1974"]
[PlyCount "112"]
[EventDate "2016.08.08"]
[EventType "swiss"]
[EventRounds "13"]
[EventCountry "IND"]
[SourceTitle "CBM 173 Extra"]
[Source "ChessBase"]
[SourceDate "2016.08.29"]
[SourceVersion "1"]
[SourceVersionDate "2016.08.29"]
[SourceQuality "1"]

1. d4 Nf6 2. c4 g6 3. Nc3 Bg7 4. e4 d6 5. f4 0-0 6. Nf3 c5 7. d5 e6 8. dxe6 fxe6 9. Bd3 Nc6 10. 0-0 Nd4 11. Nxd4 cxd4 12. Nb5 Ne8 13. Qb3 a6 14. Na3 Nf6 15. Nc2 Nd7 16. Qa3 Nc5 17. b4 Nxd3 18. Qxd3 e5 19. Bd2 Be6 20. f5 gxf5 21. exf5 Bd7 22. Rae1 Qf6 23. g4 Qh4 24. Re4 d5 25. cxd5 Bb5 26. Qf3 Bxf1 27. Qxf1 Qd8 28. Qc4 b5 29. Qb3 Qd6 30. Ne1 Rac8 31. Re2 Rc4 32. Qf3 Rd8 33. Bg5 Rd7 34. f6 Rf7 35. Rf2 h6 36. Bh4 Qxb4 37. Qd1 Bf8 38. Nd3 Qa3 39. Qe2 Rc3 40. Qe4 Rxd3 41. Qg6+ Bg7 42. fxg7 Rdf3 43. Qxh6 Rxg7 44. Qe6+ Kh7 45. d6 Rxf2 46. Bxf2 Qc1+ 47. Kg2 Qc6+ 48. Kg3 Qd7 49. Qxd7 Rxd7 50. Kf3 Rxd6 51. Ke2 e4 52. h4 e3 53. Be1 d3+ 54. Kxe3 Re6+ 55. Kd2 Re2+ 56. Kd1 Rxa2 0-1

[Event "Wch U20 Girls 34th"]
[Site "Bhubaneswar"]
[Date "2016.08.10"]
[Round "3"]
[White "Gu, Tianlu"]
[Black "Leonardi, Caterina"]
[Result "1-0"]
[WhiteElo "2239"]
[BlackElo "2061"]
[PlyCount "87"]
[EventDate "2016.08.08"]
[EventType "swiss"]
[EventRounds "13"]
[EventCountry "IND"]
[SourceTitle "CBM 173 Extra"]
[Source "ChessBase"]
[SourceDate "2016.08.29"]
[SourceVersion "1"]
[SourceVersionDate "2016.08.29"]
[SourceQuality "1"]

1. d4 d5 2. c4 c6 3. Nf3 Nf6 4. Nc3 a6 5. a4 e6 6. g3 Bb4 7. Bg5 Qa5 8. Bd2 Nbd7 9. Bg2 Nb6 10. cxd5 exd5 11. Ne5 Nc4 12. Nxc4 dxc4 13. e4 0-0 14. e5 Re8 15. 0-0 Nd7 16. Ne4 Bxd2 17. Qxd2 Qxd2 18. Nxd2 c5 19. Nxc4 cxd4 20. f4 Nc5 21. b4 Nd3 22. Nd6 Rd8 23. Rab1 Bg4 24. Bf3 Bd7 25. Rb3 Nxe5 26. fxe5 Bxa4 27. Ra3 Bc2 28. Bd5 d3 29. Rxf7 Rf8 30. Rf2+ Kh8 31. Nf7+ Rxf7 32. Bxf7 Rd8 33. Rd2 Rd4 34. e6 Re4 35. Raxd3 Bxd3 36. Rxd3 g6 37. Kf2 Kg7 38. Re3 Rxe3 39. Kxe3 Kf8 40. Kd4 b6 41. Kd5 Ke7 42. Kc6 a5 43. bxa5 bxa5 44. Kb5 1-0

[Event "SLO-ch (Women)"]
[Site "Otocec"]
[Date "2016.04.30"]
[Round "8"]
[White "Skuhala, Barbara"]
[Black "Leonardi, Caterina"]
[Result "0-1"]
[WhiteElo "1930"]
[BlackElo "2068"]
[PlyCount "84"]
[EventDate "2016.04.23"]
[EventType "tourn"]
[EventRounds "9"]
[EventCountry "SLO"]
[SourceTitle "CBM 172 Extra"]
[Source "ChessBase"]
[SourceDate "2016.06.21"]
[SourceVersion "1"]
[SourceVersionDate "2016.06.21"]
[SourceQuality "1"]

1. e4 d6 2. d4 g6 3. Nc3 Bg7 4. Be3 a6 5. Qd2 b5 6. a3 Bb7 7. Nf3 Nf6 8. Bd3 Ng4 9. Bg5 h6 10. Bh4 c5 11. h3 cxd4 12. Nxd4 Ne5 13. Nde2 0-0 14. 0-0 Nbc6 15. f4 Nxd3 16. cxd3 f5 17. Kh1 Qe8 18. Nd5 Rc8 19. Nb6 Rb8 20. Nd5 e6 21. Ndc3 Kh7 22. Rae1 Qd7 23. exf5 gxf5 24. d4 Na5 25. d5 Nc4 26. Qc1 Rbe8 27. dxe6 Rxe6 28. Ng1 Rfe8 29. Rxe6 Rxe6 30. Nf3 Ne3 31. Re1 Nxg2 32. Kxg2 Bxf3+ 33. Kxf3 Qc6+ 34. Kg3 Rg6+ 35. Bg5 hxg5 36. fxg5 Be5+ 37. Kf2 Qc4 38. Kg2 Qh4 39. Kf1 Qxh3+ 40. Ke2 Qg2+ 41. Kd3 Rxg5 42. Re2 Rg3+ 0-1

[Event "SLO-ch (Women)"]
[Site "Otocec"]
[Date "2016.04.29"]
[Round "7"]
[White "Leonardi, Caterina"]
[Black "Urh, Zala"]
[Result "1/2-1/2"]
[WhiteElo "2068"]
[BlackElo "1860"]
[PlyCount "117"]
[EventDate "2016.04.23"]
[EventType "tourn"]
[EventRounds "9"]
[EventCountry "SLO"]
[SourceTitle "CBM 172 Extra"]
[Source "ChessBase"]
[SourceDate "2016.06.21"]
[SourceVersion "1"]
[SourceVersionDate "2016.06.21"]
[SourceQuality "1"]

1. Nf3 Nf6 2. c4 e6 3. g3 b6 4. Bg2 c6 5. 0-0 Ba6 6. b3 Be7 7. Bb2 0-0 8. Nc3 d5 9. d3 Nbd7 10. e4 dxe4 11. dxe4 Qc7 12. Qc2 Rfd8 13. e5 Ng4 14. Rae1 Ngxe5 15. Nxe5 Nxe5 16. Nb5 cxb5 17. Bxe5 Qc5 18. Bxa8 Rxa8 19. Qe4 Rc8 20. Qg4 Bf8 21. Bd4 Qc6 22. Rc1 bxc4 23. bxc4 Bxc4 24. Rfe1 Rc7 25. Be5 Rc8 26. Re4 b5 27. Rd4 Qa6 28. Rcd1 Bd5 29. a4 Qb7 30. Rxd5 exd5 31. axb5 Re8 32. Bd4 Qxb5 33. Bxa7 Bc5 34. Bxc5 Qxc5 35. Qd7 Qe7 36. Qxe7 Rxe7 37. Rxd5 g6 38. g4 f6 39. Kg2 Kf7 40. h4 h6 41. Kg3 Ra7 42. g5 hxg5 43. hxg5 fxg5 44. Rxg5 Kf6 45. Rb5 Ra3+ 46. f3 Ra6 47. Kg4 Ra4+ 48. Kg3 Ra6 49. Rb4 Rc6 50. Kg4 Ra6 51. Rf4+ Kg7 52. Rb4 Kf6 53. Rb8 Ra4+ 54. f4 Ra6 55. Rf8+ Kg7 56. Rb8 Kf6 57. Rb7 Rc6 58. Rb8 Ra6 59. Rf8+ 1/2-1/2

[Event "SLO-ch (Women)"]
[Site "Otocec"]
[Date "2016.04.24"]
[Round "2"]
[White "Orehek, Spela"]
[Black "Leonardi, Caterina"]
[Result "1/2-1/2"]
[WhiteElo "2083"]
[BlackElo "2068"]
[PlyCount "93"]
[EventDate "2016.04.23"]
[EventType "tourn"]
[EventRounds "9"]
[EventCountry "SLO"]
[SourceTitle "CBM 172 Extra"]
[Source "ChessBase"]
[SourceDate "2016.06.21"]
[SourceVersion "1"]
[SourceVersionDate "2016.06.21"]
[SourceQuality "1"]

1. e4 d6 2. d4 g6 3. Nc3 Bg7 4. Be3 a6 5. f4 b5 6. Bd3 Bb7 7. Nf3 Nf6 8. e5 Ng4 9. Qe2 Nxe3 10. Qxe3 e6 11. 0-0-0 0-0 12. g4 Nd7 13. Rhg1 Rc8 14. Ne4 Bxe4 15. Bxe4 d5 16. Bd3 c5 17. dxc5 Nxc5 18. f5 Re8 19. f6 Bf8 20. Rg3 Qa5 21. Rh3 Qxa2 22. Kd2 Ne4+ 23. Ke2 Qxb2 24. Kf1 Nxf6 25. exf6 Qxf6 26. g5 Qg7 27. Ne5 Bc5 28. Qe2 f6 29. gxf6 Qxf6+ 30. Rf3 Qg7 31. Ng4 Bd4 32. Rf4 h5 33. Bxg6 Qxg6 34. Rdxd4 Rf8 35. Ne5 Qg5 36. Nd3 Rce8 37. Rxf8+ Rxf8+ 38. Nf2 Rf6 39. Rd3 Kf7 40. Rg3 Qf5 41. Qe3 a5 42. Qa7+ Kf8 43. Qb8+ Kf7 44. Qc7+ Kf8 45. Qd8+ Kf7 46. Qd7+ Kf8 47. Qd8+ 1/2-1/2

[Event "SLO-chT (Women)"]
[Site "Domzale"]
[Date "2016.04.15"]
[Round "6.5"]
[White "Leonardi, Caterina"]
[Black "Maric, Katarina"]
[Result "1-0"]
[WhiteElo "2039"]
[BlackElo "1978"]
[PlyCount "63"]
[EventDate "2016.04.01"]
[EventType "team-tourn"]
[EventRounds "7"]
[EventCountry "SLO"]
[SourceTitle "EXT 2019"]
[Source "ChessBase"]
[SourceDate "2018.10.10"]
[SourceVersion "1"]
[SourceVersionDate "2018.10.10"]
[SourceQuality "1"]
[WhiteTeam "Komenda (W)"]
[BlackTeam "Ptuj (W)"]
[WhiteTeamCountry "SLO"]
[BlackTeamCountry "SLO"]

1. d4 Nf6 2. c4 e6 3. g3 Bb4+ 4. Nd2 0-0 5. Bg2 d5 6. Ngf3 c6 7. 0-0 Nbd7 8. Qc2 Re8 9. Ne5 Nxe5 10. dxe5 Nd7 11. f4 f6 12. Nf3 f5 13. Kh1 Bf8 14. Be3 b6 15. g4 g6 16. gxf5 gxf5 17. Rg1 Kh8 18. cxd5 cxd5 19. Ng5 Qe7 20. Qc6 Ba6 21. Qxe6 Qxe6 22. Nxe6 Rac8 23. Bxd5 Bxe2 24. Nd4 Bc5 25. b4 Bxd4 26. Bxd4 Re6 27. Bxe6 Bf3+ 28. Rg2 Rc2 29. Rag1 Nf8 30. Bb3 Rxg2 31. Rxg2 Ng6 32. e6+ 1-0

[Event "Mediterranean Flower (Women) 16th"]
[Site "Rijeka"]
[Date "2016.03.10"]
[Round "7"]
[White "Drljevic, Ljilja"]
[Black "Leonardi, Caterina"]
[Result "0-1"]
[WhiteElo "2168"]
[BlackElo "2039"]
[PlyCount "76"]
[EventDate "2016.03.06"]
[EventType "tourn"]
[EventRounds "9"]
[EventCountry "CRO"]
[SourceTitle "CBM 171 Extra"]
[Source "ChessBase"]
[SourceDate "2016.04.26"]
[SourceVersion "1"]
[SourceVersionDate "2016.04.26"]
[SourceQuality "1"]

1. e4 g6 2. d4 Bg7 3. Nc3 d6 4. Be3 a6 5. h4 h5 6. Nf3 b5 7. Ng5 Bb7 8. Bd3 Nd7 9. e5 dxe5 10. d5 Ngf6 11. Bxg6 fxg6 12. Ne6 Qb8 13. Nxg7+ Kf7 14. Ne6 b4 15. Ng5+ Kg7 16. Nce4 Bxd5 17. f3 Qb5 18. Nf2 c5 19. Qd2 a5 20. f4 exf4 21. Bxf4 e5 22. Be3 Rhe8 23. Rg1 a4 24. g4 hxg4 25. Nxg4 Qc4 26. Nf2 b3 27. cxb3 axb3 28. a3 Qxh4 29. 0-0-0 Qc4+ 30. Kb1 Rxa3 31. bxa3 b2 32. Kxb2 Rb8+ 33. Ka1 Qb3 34. Ne6+ Kf7 35. Nd8+ Ke8 36. Bxc5 Nxc5 37. Rg3 Qxg3 38. Qa5 Nb3+ 0-1

[Event "Mediterranean Flower (Women) 16th"]
[Site "Rijeka"]
[Date "2016.03.10"]
[Round "6"]
[White "Leonardi, Caterina"]
[Black "De Seroux, Camille"]
[Result "0-1"]
[WhiteElo "2039"]
[BlackElo "2167"]
[PlyCount "118"]
[EventDate "2016.03.06"]
[EventType "tourn"]
[EventRounds "9"]
[EventCountry "CRO"]
[SourceTitle "CBM 171 Extra"]
[Source "ChessBase"]
[SourceDate "2016.04.26"]
[SourceVersion "1"]
[SourceVersionDate "2016.04.26"]
[SourceQuality "1"]

1. d4 Nf6 2. c4 e6 3. g3 Bb4+ 4. Nd2 c5 5. Ngf3 0-0 6. Bg2 Nc6 7. a3 Bxd2+ 8. Qxd2 Qb6 9. d5 Na5 10. Qc2 Qb3 11. Qxb3 Nxb3 12. Rb1 exd5 13. cxd5 d6 14. Nh4 h6 15. e4 Re8 16. 0-0 Nxe4 17. Re1 Nf6 18. Rxe8+ Nxe8 19. Be3 Nc7 20. Be4 g5 21. Nf3 Bg4 22. Nd2 Re8 23. Bg2 Bf5 24. Re1 Nxd2 25. Bxd2 Rxe1+ 26. Bxe1 Bc2 27. Bd2 Bb3 28. f4 f6 29. fxg5 hxg5 30. h4 gxh4 31. Bf4 Bxd5 32. Bxd6 Bxg2 33. Kxg2 Ne6 34. gxh4 c4 35. Kg3 f5 36. Kf3 Kg7 37. Ke3 Kg6 38. Kd2 Kh5 39. Kc3 Kxh4 40. Kxc4 Kg4 41. Bb8 a6 42. b4 f4 43. b5 a5 44. Kd5 f3 45. Ba7 Nc7+ 46. Kc4 Kg3 47. Be3 f2 48. Bxf2+ Kxf2 49. b6 Ne6 50. Kb5 Ke3 51. Kxa5 Kd4 52. Kb5 Nc5 53. a4 Kd5 54. Kb4 Kc6 55. a5 Kd5 56. a6 Nxa6+ 57. Kb5 Kd6 58. Ka4 Kc6 59. Ka5 Kc5 0-1

[Event "Ljubljana-chT 69th Superliga"]
[Site "Ljubljana"]
[Date "2016.03.03"]
[Round "5.3"]
[White "Skok, Joze"]
[Black "Leonardi, Caterina"]
[Result "1/2-1/2"]
[WhiteElo "2033"]
[BlackElo "2031"]
[PlyCount "116"]
[EventDate "2016.01.14"]
[EventType "team-tourn"]
[EventRounds "9"]
[EventCountry "SLO"]
[SourceTitle "EXT 2022"]
[Source "ChessBase"]
[SourceDate "2021.10.06"]
[SourceVersion "1"]
[SourceVersionDate "2021.10.06"]
[SourceQuality "1"]
[WhiteTeam "Domzale SD"]
[BlackTeam "Komenda Popotnik"]
[WhiteTeamCountry "SLO"]
[BlackTeamCountry "SLO"]

1. e4 e6 2. d4 d5 3. Nd2 dxe4 4. Nxe4 Nd7 5. Nf3 Ngf6 6. Bd3 Nxe4 7. Bxe4 Nf6 8. Bd3 c5 9. 0-0 cxd4 10. Nxd4 Bc5 11. Be3 Qb6 12. Rb1 Bd7 13. c3 a5 14. Re1 Nd5 15. Qh5 Nxe3 16. fxe3 g6 17. Qe5 0-0 18. Rf1 Bd6 19. Qf6 Qc7 20. Nf3 Bc6 21. e4 Rad8 22. Bc2 Bb5 23. Rfe1 Be7 24. Qe5 Qxe5 25. Nxe5 Rd2 26. Rbc1 f6 27. Nf3 Bc5+ 28. Kh1 Rf2 29. Bb3 Kf7 30. Nd4 Bd7 31. Rc2 Rxc2 32. Bxc2 Rc8 33. Rd1 Ke7 34. a4 e5 35. Nb5 f5 36. Rd5 Bxb5 37. axb5 Kf6 38. Rd7 b6 39. g3 h5 40. Kg2 h4 41. Kf3 hxg3 42. hxg3 Rh8 43. Kg2 f4 44. gxf4 exf4 45. e5+ Kxe5 46. Bd3 g5 47. Rg7 f3+ 48. Kxf3 Rh3+ 49. Ke2 Re3+ 50. Kd2 Kf4 51. Rf7+ Kg3 52. Rf5 Rf3 53. Rxg5+ Kf2 54. Rf5 Rxf5 55. Bxf5 Kf3 56. Kd3 Kf4 57. Bh7 Ke5 58. Kc4 Kd6 1/2-1/2

[Event "Nova Gorica op 21st"]
[Site "Nova Gorica"]
[Date "2016.02.01"]
[Round "6"]
[White "Brilej, Jaka"]
[Black "Leonardi, Caterina"]
[Result "0-1"]
[WhiteElo "1835"]
[BlackElo "2031"]
[PlyCount "24"]
[EventDate "2016.01.29"]
[EventType "swiss"]
[EventRounds "9"]
[EventCountry "SLO"]
[SourceTitle "CBM 170 Extra"]
[Source "ChessBase"]
[SourceDate "2016.02.25"]
[SourceVersion "1"]
[SourceVersionDate "2016.02.25"]
[SourceQuality "1"]

1. e4 e6 2. d4 d5 3. Nc3 Bb4 4. e5 c5 5. a3 Ba5 6. Qg4 Kf8 7. Nge2 Nc6 8. Be3 Nge7 9. 0-0-0 Nf5 10. Bg5 Qd7 11. dxc5 Nxe5 12. Qf3 Nxf3 0-1

[Event "Nova Gorica op 21st"]
[Site "Nova Gorica"]
[Date "2016.01.30"]
[Round "3"]
[White "Leonardi, Caterina"]
[Black "Bodiroga, Predrag"]
[Result "0-1"]
[WhiteElo "2031"]
[BlackElo "2325"]
[PlyCount "94"]
[EventDate "2016.01.29"]
[EventType "swiss"]
[EventRounds "9"]
[EventCountry "SLO"]
[SourceTitle "CBM 170 Extra"]
[Source "ChessBase"]
[SourceDate "2016.02.25"]
[SourceVersion "1"]
[SourceVersionDate "2016.02.25"]
[SourceQuality "1"]

1. d4 Nf6 2. c4 c5 3. d5 e5 4. dxe6 fxe6 5. g3 Be7 6. Bg2 0-0 7. e4 e5 8. Ne2 Nc6 9. 0-0 d6 10. Bg5 Ne8 11. Be3 Be6 12. Na3 a6 13. Nc3 Nd4 14. f4 Rb8 15. Qd3 Nc7 16. Nd5 b5 17. Bxd4 cxd4 18. Nxc7 Qxc7 19. cxb5 axb5 20. f5 Bf7 21. Rfc1 Qb6 22. h4 g5 23. Rf1 Bf6 24. Qd2 Qd8 25. h5 g4 26. Qe2 Bxh5 27. Nxb5 d3 28. Qxd3 Qb6+ 29. Rf2 Qxb5 30. Qxd6 Qb6 31. Qd2 Be7 32. Kh2 Rfd8 33. Qe2 Qh6 34. Rh1 Bf7+ 35. Kg1 Qg5 36. Rh4 h5 37. Kh1 Bc5 38. Rf1 Rd2 39. Qa6 Rbxb2 40. Rh2 Bd4 41. f6 Rf2 42. a4 Rxf1+ 43. Qxf1 Qe3 44. Rxh5 Bxh5 45. Qc4+ Bf7 46. Qc8+ Kh7 47. Qf5+ Kh6 0-1

[Event "SLO-chT1 West"]
[Site "Ljubljana"]
[Date "2015.11.29"]
[Round "9"]
[White "Leonardi, Caterina"]
[Black "Skok, Joze"]
[Result "0-1"]
[WhiteElo "2048"]
[BlackElo "1999"]
[PlyCount "54"]
[EventDate "2015.10.16"]
[EventType "team-tourn"]
[EventRounds "9"]
[EventCountry "SLO"]
[SourceTitle "EXT 2019"]
[Source "ChessBase"]
[SourceDate "2018.10.10"]
[SourceVersion "1"]
[SourceVersionDate "2018.10.10"]
[SourceQuality "1"]
[WhiteTeam "Komenda"]
[BlackTeam "Domzale"]
[WhiteTeamCountry "SLO"]
[BlackTeamCountry "SLO"]

1. d4 Nf6 2. c4 g6 3. Nc3 d5 4. Nf3 Bg7 5. Qa4+ c6 6. cxd5 Nxd5 7. e4 Nxc3 8. bxc3 0-0 9. Be2 c5 10. 0-0 cxd4 11. cxd4 Nc6 12. Rd1 Bd7 13. Qa3 Bg4 14. d5 Bxa1 15. dxc6 Qc7 16. Bh6 Bg7 17. Bxg7 Kxg7 18. Qb2+ Kg8 19. cxb7 Rab8 20. Ba6 Qa5 21. Be2 Qc7 22. Rb1 Rfd8 23. h3 Bxf3 24. gxf3 Rd6 25. Bc4 Qxc4 26. Qe5 Qc7 27. Kg2 Rxb7 0-1